Statistics for Lana Del Rey lyrics

Click here to take the quiz!

General Stats

  • This quiz has been taken 38 times
  • The average score is 7 of 9

Answer Stats

HintAnswer% Correct
Hands on your knees, i'm _______ _____.angelina jolie
97%
God damn, ___ _____.man child
88%
So i just ____.ride
85%
My boyfriend tested positive for _____.covid
82%
Pass me my ____.vape
79%
Bang, bang, ____, ____.kiss kiss
74%
I met my boyfriend down by the ______.taco truck
71%
I say you the _____.bestest
68%
My shirt is _____ ___.inside out
26%

Score Distribution

Percentile by Number Answered

Percent of People with Each Score

Your Score History

You have not taken this quiz